000 01486nam0a2200421 4500
001 RU\NLR\bibl\370593
005 20250621163354.0
010 _a5-7406-0556-3
_bВ пер.
_91000
021 _aRU
_b2003-615
_929
035 _a(NLR Aleph) 000365135
090 _a360378
_c360378
100 _a20030219d2002 |||y0rusy50 ca
101 1 _arus
_cger
102 _aRU
105 _aa |||||||||
200 1 _aАнхен из Тарау
_dAnnchen von Tharau
_e[Сб. стихов]
_fФранц Хирш
_g[Перевод с нем. С. Симкина
_gХудож. Т. Тихонова]
_zger
210 _aКалининград
_cЯнтар. сказ
_d2002
215 _a299, [2] с.
_cил.
_d21
225 1 _aПоэзия Восточной Пруссии
_dPoesie aus Ostpreussen
300 _aАвт. также на нем. яз.: Franz Hirsch
300 _aТекст парал. : нем., рус.
309 _aНа пер. только загл. сер.
510 1 _6z33790
_aAnnchen von Tharau
_zger
610 0 _aГермания
675 _a821.112.2-1Хирш
_v3
_zrus
686 _a17.82
_2rugasnti
686 _a84(4Гем)-5
_2rubbk
686 _aШ6(4Г)57-5{Лх1357-175}
700 1 _aХирш
_bФ.
_gФранц
_4070
790 1 _6z33510
_aHirš
_bF.
_gFranz
_4070
801 0 _aRU
_bRKP
_c20030219
_gPSBO
801 1 _aRU
_bRKP
_c20030219
801 2 _aRU
_bNLR
_c20030305
_grcr
942 _cBOOK
980 _aNB
980 _aNBR